Všechno, o čem jsem ti neřekla /
Dívčí román s detektivní zápletkou vypráví příběh truchlící a zároveň zamilované studentky Elly. Hlavní hrdinka přišla během autonehody o svou nejlepší kamarádku. Teď se však zamilovala do jejího bývalého přítele.
Uloženo v:
| Hlavní autor: | |
|---|---|
| Další autoři: | |
| Médium: | E-kniha |
| Jazyk: | Czech |
| Vydáno: |
Praha :
Euromedia Group,
2025
|
| Vydání: | Vydání první |
| Edice: | Yoli
|
| Témata: | |
| Tagy: |
Žádné tagy |
| LEADER | 03117nam a2200589 i 4500 | ||
|---|---|---|---|
| 001 | 297548 | ||
| 003 | CZ PrSKC | ||
| 005 | 20260411063121.0 | ||
| 007 | ta | ||
| 008 | 250415s2025 xr d 000 f cze | ||
| 015 | |a cnb003675049 | ||
| 020 | |a 9788028405328 |q (brožováno) | ||
| 035 | |a (OCoLC)1522999978 | ||
| 040 | |a ABG001 |b cze |e rda | ||
| 041 | 1 | |a cze |h eng | |
| 072 | 7 | |a 821.111(73)-3 |x Americká próza |2 Konspekt | |
| 072 | 7 | |a 821-93 |x Literatura pro děti a mládež (beletrie) |2 Konspekt | |
| 080 | |a 821.111(73)-31 |2 MRF | ||
| 080 | |a 821-93-053.67 |2 MRF | ||
| 080 | |a 821-93 |2 MRF | ||
| 080 | |a (0:82-312.5) |2 MRF | ||
| 080 | |a (0:82-312.4) |2 MRF | ||
| 100 | 1 | |a Harlow, Sloan |7 xx0331535 |4 aut | |
| 240 | 1 | 0 | |a Everything we never said. |l Česky |
| 245 | 1 | 0 | |a Všechno, o čem jsem ti neřekla / |c Sloan Harlow ; přeložila Blanka Rozsypalová |
| 250 | |a Vydání první | ||
| 264 | 1 | |a Praha : |b Euromedia Group, |c 2025 | |
| 300 | |a 327 stran ; |c 20 cm | ||
| 336 | |a text |b txt |2 rdacontent | ||
| 337 | |a bez média |b n |2 rdamedia | ||
| 338 | |a svazek |b nc |2 rdacarrier | ||
| 490 | 1 | |a Yoli | |
| 500 | |a Přeloženo z angličtiny | ||
| 520 | 2 | |a Dívčí román s detektivní zápletkou vypráví příběh truchlící a zároveň zamilované studentky Elly. Hlavní hrdinka přišla během autonehody o svou nejlepší kamarádku. Teď se však zamilovala do jejího bývalého přítele. |b Od nehody, při které zemřela Ellina nejlepší kamarádka Hayley, uběhlo mnoho měsíců a Ella si to pořád nedokáže odpustit. Vrací se do školy a všechno, co kolem sebe vidí, v ní vyvolává vzpomínky - včetně Sawyera, Hayleyina přítele, se kterým se začíná pomalu sbližovat, až jí dojde něco hrozného... Zamilovala se do přítele své mrtvé kamarádky. Sžíraná pocity viny se začte do Hayleyina deníku a doufá, že v něm najde něco, co jí pomůže vyrovnat se s tím, co se děje. Jenže přitom zjistí, že Sawyer skrývá tajemství a že jeho vztah s Hayley nebyl tak dokonalý, jak se na první pohled zdálo. Nakladatelská anotace. | |
| 521 | 8 | |a Pro čtenáře od 15 let | |
| 655 | 7 | |a americké romány |7 fd131796 |2 czenas | |
| 655 | 7 | |a milostné romány |7 fd132840 |2 czenas | |
| 655 | 7 | |a thrillery (romány) |7 fd184206 |2 czenas | |
| 655 | 7 | |a literatura young adult |7 fd1185572 |2 czenas | |
| 655 | 7 | |a publikace pro mládež |7 fd133157 |2 czenas | |
| 655 | 9 | |a American fiction |2 eczenas | |
| 655 | 9 | |a love novels |2 eczenas | |
| 655 | 9 | |a thrillers (novels) |2 eczenas | |
| 655 | 9 | |a young adult literature |2 eczenas | |
| 655 | 9 | |a juvenile literature |2 eczenas | |
| 700 | 1 | |a Rozsypalová, Blanka |7 hka2018987955 |4 trl | |
| 830 | 0 | |a Yoli | |
| 900 | |a ABA001 |b 20 | ||
| 044 | |a xr | ||
| 910 | |a RBIT002 | ||
| 998 | |d 419487 |a https://core.palmknihy.cz/api/books/419487/cover?sufzdp |b https://core.palmknihy.cz/api/books/419487/cover/400?sufzdp |c https://core.palmknihy.cz/api/books/419487/cover/50?sufzdp |e 2028-11-17 |g 328 |i 9788028405328 |j https://core.palmknihy.cz/api/books/419487/preview.epub |l |q 49 |r 1 |s https://www.palmknihy.cz/kniha/419487 |t ebook |y 2025 |z 0 | ||
| 999 | |d 297546 | ||